|
|
|
|
| LEADER |
00914nab a2200253 i 4500 |
| 001 |
publ14751 |
| 005 |
20220525094921.0 |
| 008 |
190301s2019 hu o 0|| angol d |
| 022 |
|
|
|a 0928-0707
|
| 024 |
7 |
|
|a 10.1007/s10971-018-4903-8
|2 doi
|
| 024 |
7 |
|
|a 30338360
|2 mtmt
|
| 040 |
|
|
|a SZTE Publicatio Repozitórium
|b hun
|
| 041 |
|
|
|a angol
|
| 100 |
1 |
|
|a Muráth Szabolcs
|
| 245 |
1 |
0 |
|a Novel route to synthesize CaAl- and MgAl-layered double hydroxides with highly regular morphology
|h [elektronikus dokumentum] /
|c Muráth Szabolcs
|
| 260 |
|
|
|c 2019
|
| 300 |
|
|
|a 844-851
|
| 490 |
0 |
|
|a JOURNAL OF SOL-GEL SCIENCE AND TECHNOLOGY
|v 89 No. 3
|
| 700 |
0 |
1 |
|a Somosi Zoltán
|e aut
|
| 700 |
0 |
1 |
|a Kukovecz Ákos
|e aut
|
| 700 |
0 |
1 |
|a Kónya Zoltán
|e aut
|
| 700 |
0 |
1 |
|a Sipos Pál Miklós
|e aut
|
| 700 |
0 |
1 |
|a Pálinkó István
|e aut
|
| 856 |
4 |
0 |
|u http://publicatio.bibl.u-szeged.hu/14751/1/jsolgelscitechn892019844.pdf
|z Dokumentum-elérés
|